| 000 | 00671nam a2200217 a 4500 | ||
|---|---|---|---|
| 001 | BRCA_6808 | ||
| 005 | 20190320205611.0 | ||
| 008 | 031111s1908----gw-a######---#000-0#ger-# | ||
| 041 | _ager | ||
| 044 | _agw | ||
| 100 | 1 |
_aKlein-Hattingen, Oskar _916978 |
|
| 245 | 1 | 0 |
_aNapoleon der Erste : Eine Schilderung des Mannes und seiner Welt _cVon Oskar Klein-Hattingen. |
| 260 |
_aBerlín _bDümmler _c1908 |
||
| 300 |
_a2 v. _bil. _c26 cm. |
||
| 500 | _aL130 | ||
| 501 | _aContenido: v. 1 Von 1769-1806 .-- v. 2 Von 1806-1821. | ||
| 600 | 1 | 4 |
_aNapoleón I, Emperador de Francia _d1769-1821 _9317 |
| 650 | 1 | 4 |
_aArte y ciencia militar _916979 |
| 902 | _aGFM | ||
| 942 |
_2lcc _cB |
||
| 999 |
_c6491 _d6491 |
||